|
|
|
|
| LEADER |
01325cas a2200337 a 4500 |
| 001 |
c000281157 |
| 003 |
CARM |
| 005 |
20080228131807.0 |
| 008 |
981210c19uu9999xnaar p 0 a0eng d |
| 019 |
1 |
|
|a 14186059
|5 LACONCORD2021
|
| 035 |
|
|
|a (OCoLC)222141513
|5 LACONCORD2021
|
| 040 |
|
|
|a NU
|b eng
|c NU
|
| 042 |
|
|
|a anuc
|
| 043 |
|
|
|a u-at-ne
|
| 082 |
0 |
4 |
|a 910/.711/9441
|2 21
|
| 110 |
2 |
|
|a University of Sydney.
|b Dept. of Geography.
|
| 245 |
0 |
0 |
|a Annual report /
|c the University of Sydney, Department of Geography.
|
| 246 |
3 |
7 |
|a Department of Geography ... annual report
|
| 260 |
|
|
|a Sydney :
|b The Dept.
|
| 300 |
|
|
|a v. :
|b ill. ;
|c 30 cm.
|
| 500 |
|
|
|a Description based on 1995; title from cover.
|
| 500 |
|
|
|a Earlier reports produced in typescript format.
|
| 515 |
|
|
|a Report year ends Dec.
|
| 610 |
2 |
0 |
|a University of Sydney.
|b Dept. of Geography
|v Periodicals.
|
| 650 |
|
0 |
|a Geography
|x Study and teaching (Higher)
|z New South Wales
|z Sydney
|v Periodicals.
|
| 650 |
|
0 |
|a Geography
|x Research
|z New South Wales
|z Sydney
|v Periodicals.
|
| 852 |
8 |
|
|b CARM
|h A1:AQ14E0
|i F03477
|p 0394752
|f SE
|
| 866 |
|
0 |
|a 1995
|
| 866 |
|
0 |
|a 1995
|
| 999 |
f |
f |
|i 0087e4e6-dae9-51a1-b7d2-5a8607ce7f03
|s 3e910b80-0991-5060-abbc-cce1e2b893e8
|
| 952 |
f |
f |
|p Can circulate
|a CAVAL
|b CAVAL
|c CAVAL
|d CARM 1 Store
|e F03477
|f A1:AQ14E0
|h Other scheme
|i book
|k 1995
|m 0394752
|